00939cam a22002654a 4500999001900000001000900019005001700028008004100045020001800086020001500104020002500119020002200144040001300166082002700179245009900206260004500305300003500350650007300385650002200458650002400480700001900504700002900523942000700552952011400559 c107648d1076481677603220180922085213.0110512s2011 njua b 001 0 eng  a9781592218615 a159221861X a9781592218622 (pbk.) a1592218628 (pbk.) cPK-LaUMT00a306.87430967223bGEN-00aGender, sexuality and mothering in Africa /cedited by Toyin Falola and Bessie House-Soremekun aTrenton, NJ :bAfrica World Press,c2011 axxix, 329 p. :bill. ;c22 cm. 0aWomenzAfricaxSocial conditions.zWomenzAfricaxSocial conditions. 0aSex rolezAfrica. 0aMotherhoodzAfrica.1 aFalola, Toyin.1 aHouse-Soremekun, Bessie, cBK 00104070a01b01d2018-09-22l1o306.87430967 GEN-p124599r2018-12-10 00:00:00s2018-09-25w2018-09-22yBK